Règles de conduite de la jeune écolière ou petit manuel de morale pratique à l'usage des écoles catholiques des filles (C)

Gespeichert in:
Bibliographische Detailangaben
Format: keine Angabe
Sprache:Niederländisch
Erschienen: Namur (C) Imprimerie de Balon-Vincent (C) s.d. [1880]
Katalog:MANES:  Suchergebnis im Bibliothekskatalog
Schulbuchspezifische Eigenschaften:
Schlagworte:
Tags: Tag hinzufügen
Keine Tags, Fügen Sie den ersten Tag hinzu!
Hinzugefügt zu:26.04.2016

MARC

LEADER 000000000a22000000004500
001 24120
008 160427s be ||||| |||| 00| 0 dut d
040 |a manes  |c manes 
041 |a Neerlandés 
245 0 0 |a Règles de conduite de la jeune écolière ou petit manuel de morale pratique à l'usage des écoles catholiques des filles (C) 
260 3 |a Namur (C)  |b Imprimerie de Balon-Vincent (C)  |c s.d. [1880] 
300 |a 17 p. 
500 |a A. M. D. G. [ad majorem Dei gloriam] (C)  |a CaA, 1880 
546 |a Bélgica 
650 7 |a Religión y Moral 
655 7 |a Primaria  |a Secundaria 
942 |2 ddc  |c BK 
999 |c 46448  |d 46448 
999 |c manes:46448  |d 46448